[Event "4NCL Online Division 4"]
[Site "online"]
[Date "2020.11.17"]
[Round "7.51"]
[White "Arora, Tashika"]
[Black "Palmer, James C"]
[Result "1-0"]
[WhiteElo "1855"]
[BlackElo "1705"]
[PlyCount "27"]
[EventDate "2020.11.17"]
[WhiteTeam "Oxford 3"]
[BlackTeam "St Albans 2"]

1. d4 e5 2. dxe5 Nc6 3. Nf3 Qe7 4. Bg5 Qb4+ 5. Nc3 Qxb2 6. Bd2 Nb4 7. Nd4 Bc5
8. Rb1 Qa3 9. Ncb5 Qa5 10. a3 Bxd4 11. Nxd4 Nxc2+ 12. Qxc2 Qxe5 13. Nb5 c6 14.
Bc3 1-0

[Event "4NCL Online Division 4"]
[Site "online"]
[Date "2020.11.17"]
[Round "7.52"]
[White "Pines, Chris"]
[Black "Evans, Christopher J"]
[Result "0-1"]
[WhiteElo "1555"]
[BlackElo "1847"]
[PlyCount "42"]
[EventDate "2020.11.17"]
[WhiteTeam "St Albans 2"]
[BlackTeam "Oxford 3"]

1. b4 c5 2. bxc5 e5 3. Bb2 Nc6 4. Nf3 Bxc5 5. Nxe5 Bxf2+ 6. Kxf2 Qb6+ 7. Ke1
Qxb2 8. Nxc6 Qxa1 9. Nb4 Qe5 10. e3 Nf6 11. Nd3 Qe7 12. Nc3 O-O 13. Nb5 d5 14.
Qf3 Bg4 15. Qf4 Qd7 16. Ne5 Qf5 17. Nxg4 Qxf4 18. exf4 Nxg4 19. Nd6 Rfd8 20.
Nxb7 Re8+ 21. Be2 Rab8 0-1

[Event "4NCL Online Division 4"]
[Site "online"]
[Date "2020.11.17"]
[Round "7.53"]
[White "Hobson, Kenneth"]
[Black "Price, Liam"]
[Result "1-0"]
[WhiteElo "1840"]
[BlackElo "1532"]
[PlyCount "73"]
[EventDate "2020.11.17"]
[WhiteTeam "Oxford 3"]
[BlackTeam "St Albans 2"]

1. e4 c5 2. d4 cxd4 3. c3 dxc3 4. Nxc3 e5 5. Nf3 Nc6 6. Bc4 h6 7. O-O Nf6 8.
Be3 Be7 9. Rc1 O-O 10. Bd5 d6 11. a3 Nxd5 12. Nxd5 Bf6 13. b4 Kh7 14. b5 Ne7
15. Nc7 Bg4 16. Nxa8 Qxa8 17. Ng5+ Bxg5 18. Qxg4 Bxe3 19. fxe3 Qd8 20. Qe2 f6
21. Qc4 Qb6 22. Rfe1 Rc8 23. Qd3 Rxc1 24. Rxc1 Kh8 25. a4 d5 26. exd5 Qd8 27.
d6 Nc8 28. a5 Nxd6 29. Rd1 Qxa5 30. Qxd6 Qc3 31. Qd8+ Kh7 32. Qd3+ Qxd3 33.
Rxd3 a6 34. b6 a5 35. Rd7 a4 36. Rxb7 a3 37. Ra7 1-0

[Event "4NCL Online Division 4"]
[Site "online"]
[Date "2020.11.17"]
[Round "7.61"]
[White "Hooker, Steve"]
[Black "Hann, R Mark"]
[Result "1-0"]
[WhiteElo "1960"]
[BlackElo "2035"]
[PlyCount "123"]
[EventDate "2020.11.17"]
[WhiteTeam "Dorking Casuals"]
[BlackTeam "Bolton and Worsley"]

1. e4 e6 2. d4 d5 3. e5 c5 4. c3 Nc6 5. Nf3 Nh6 6. Bd3 Nf5 7. O-O cxd4 8. Bxf5
exf5 9. cxd4 Be6 10. Nc3 Be7 11. Be3 O-O 12. Qd2 Qd7 13. Ne1 Rac8 14. f4 Na5
15. Nf3 Bb4 16. Rac1 Bxc3 17. bxc3 Nc4 18. Qe2 Rc7 19. Rc2 Rfc8 20. Bd2 Qa4 21.
Be1 h6 22. Nh4 Kh7 23. g4 g6 24. gxf5 gxf5 25. Rf3 Rg8+ 26. Kh1 Na3 27. Rb2 Nc4
28. Rb1 Na3 29. Rb3 Nc4 30. Rh3 Rg4 31. Nf3 Qd7 32. Bh4 Na5 33. Rb1 Qc8 34. Bg5
Rxc3 35. Rxh6+ Kg7 36. Qf1 Qc4 37. Rh3 Qxf1+ 38. Rxf1 Rxg5 39. Nxg5 Rc2 40. Rg1
Kf8 41. Nh7+ Ke7 42. Nf6 Kd8 43. Rh8+ Kc7 44. h4 Nc4 45. Rg2 Rc1+ 46. Kh2 Ne3
47. Rg1 Rc2+ 48. Kh3 Ng4 49. Nxg4 fxg4+ 50. Kg3 Rc3+ 51. Kh2 Bf5 52. h5 Rh3+
53. Kg2 Ra3 54. h6 Be4+ 55. Kf2 Rf3+ 56. Ke2 g3 57. h7 Ra3 58. Rf8 Rxa2+ 59.
Ke3 Ra3+ 60. Kd2 Ra2+ 61. Kc3 Rc2+ 62. Kb3 1-0

[Event "4NCL Online Division 4"]
[Site "online"]
[Date "2020.11.17"]
[Round "7.62"]
[White "Tyton, Adam"]
[Black "Herman, Thomas"]
[Result "1-0"]
[WhiteElo "1915"]
[BlackElo "1847"]
[PlyCount "53"]
[EventDate "2020.11.17"]
[WhiteTeam "Bolton and Worsley"]
[BlackTeam "Dorking Casuals"]

1. e4 Nc6 2. Nf3 e5 3. d4 exd4 4. Nxd4 Bc5 5. Be3 Qf6 6. c3 Nge7 7. Qd2 Bb6 8.
Bc4 O-O 9. O-O d6 10. Na3 Qg6 11. f3 Kh8 12. Bd3 Qf6 13. Nac2 h6 14. f4 Ng6 15.
Rae1 Qd8 16. f5 Nge5 17. f6 gxf6 18. Nxc6 bxc6 19. Bxb6 axb6 20. Qxh6+ Kg8 21.
Re3 Ng6 22. Nd4 Re8 23. Rg3 Qe7 24. Nf5 Qf8 25. Rxg6+ fxg6 26. Qxg6+ Kh8 27.
Rf4 1-0

[Event "4NCL Online Division 4"]
[Site "online"]
[Date "2020.11.17"]
[Round "7.63"]
[White "Collins, Anthony S"]
[Black "McElvenny, Damien"]
[Result "0-1"]
[WhiteElo "1716"]
[BlackElo "1885"]
[PlyCount "92"]
[EventDate "2020.11.17"]
[WhiteTeam "Dorking Casuals"]
[BlackTeam "Bolton and Worsley"]

1. e4 c5 2. Nf3 d6 3. d4 cxd4 4. Nxd4 Nf6 5. Nc3 a6 6. g3 e6 7. Bg2 Be7 8. O-O
O-O 9. a4 Qc7 10. Be3 Bd7 11. a5 Nc6 12. Nb3 Rac8 13. Bb6 Qb8 14. f4 e5 15. f5
Na7 16. g4 h6 17. Be3 Nb5 18. Nd5 Nxd5 19. exd5 Bg5 20. Bxg5 hxg5 21. f6 Qa7+
22. Kh1 gxf6 23. Qf3 f5 24. gxf5 f6 25. c3 Kg7 26. Nd2 Rh8 27. Qg3 Rh4 28. Ne4
Rch8 29. h3 Qb8 30. Nxg5 fxg5 31. Qxg5+ Kf7 32. Qg6+ Ke7 33. Qg5+ Ke8 34. c4
Nd4 35. Qg6+ Kd8 36. c5 R4h6 37. Qg5+ Kc7 38. Rac1 Qg8 39. Qe7 Rxh3+ 40. Kg1
Ne2+ 41. Kf2 Qg3+ 42. Kxe2 Qxg2+ 43. Rf2 Qe4+ 44. Kd2 Qd3+ 45. Ke1 Rh1+ 46. Rf1
Rxf1# 0-1

[Event "4NCL Online Division 4"]
[Site "online"]
[Date "2020.11.17"]
[Round "7.64"]
[White "Kumar, Jamie"]
[Black "Buckley, Keith"]
[Result "1-0"]
[WhiteElo "1600"]
[BlackElo "1637"]
[PlyCount "39"]
[EventDate "2020.11.17"]
[WhiteTeam "Bolton and Worsley"]
[BlackTeam "Dorking Casuals"]

1. d4 Nf6 2. c4 d6 3. Nc3 Nbd7 4. e4 c6 5. f3 Qc7 6. Bg5 e5 7. Nge2 Be7 8. Qd2
Nf8 9. d5 Ng6 10. h4 h6 11. Be3 h5 12. Ng3 Bd7 13. Be2 c5 14. Nf5 Bf8 15. g3 a6
16. a4 Ne7 17. Nxe7 Bxe7 18. O-O b6 19. b3 Qc6 20. dxc6 1-0

[Event "4NCL Online Division 4"]
[Site "online"]
[Date "2020.11.17"]
[Round "7.71"]
[White "Rizvi, Nasir"]
[Black "Ball, Matthew P"]
[Result "1-0"]
[WhiteElo "1989"]
[BlackElo "1690"]
[PlyCount "115"]
[EventDate "2020.11.17"]
[WhiteTeam "4 Gems"]
[BlackTeam "Doughnuts of Doom"]

1. c4 e5 2. g3 d6 3. Bg2 Be7 4. Nc3 f5 5. d4 Nf6 6. dxe5 dxe5 7. Qxd8+ Bxd8 8.
Nf3 Nc6 9. O-O e4 10. Ne1 Be6 11. b3 Be7 12. Nc2 O-O-O 13. h3 h5 14. Bg5 Rd7
15. Rad1 Rhd8 16. Ne3 Rxd1 17. Rxd1 Rxd1+ 18. Nexd1 Bb4 19. f3 Bc5+ 20. Kf1 Nh7
21. Be3 Bxe3 22. Nxe3 exf3 23. exf3 Nd4 24. Ncd5 c6 25. Nf4 Bf7 26. h4 Nf6 27.
Ke1 Nd7 28. Nd3 a5 29. Kd2 Kc7 30. g4 hxg4 31. fxg4 fxg4 32. Nxg4 Bh5 33. Ne3
Kd6 34. Nf4 Bf7 35. Kd3 Ne6 36. Nf5+ Ke5 37. Nxe6 Kxf5 38. Nd8 Nc5+ 39. Kd4
Ne6+ 40. Nxe6 Bxe6 41. Bf3 Kf4 42. Bh1 Kg4 43. Kc5 Kxh4 44. Kb6 a4 45. Kxb7 Kg5
46. Kxc6 Kf6 47. Kb5 Bd7+ 48. Kb6 Ke5 49. c5 axb3 50. axb3 Bc8 51. Kc7 Be6 52.
b4 Kd4 53. Kd6 Bc8 54. b5 g5 55. b6 g4 56. b7 Bxb7 57. Bxb7 g3 58. Bh1 1-0

[Event "4NCL Online Division 4"]
[Site "online"]
[Date "2020.11.17"]
[Round "7.72"]
[White "Sainiuc, Stefan"]
[Black "Damodaran, Patrick"]
[Result "1-0"]
[WhiteElo "1600"]
[BlackElo "1498"]
[PlyCount "135"]
[EventDate "2020.11.17"]
[WhiteTeam "Doughnuts of Doom"]
[BlackTeam "4 Gems"]

1. d4 Nf6 2. c4 g6 3. Nc3 Bg7 4. e4 d6 5. f3 O-O 6. Nge2 Nbd7 7. Be3 e5 8. d5
Ne8 9. Qd2 f5 10. exf5 gxf5 11. Bg5 Nef6 12. g4 fxg4 13. fxg4 Qe8 14. h3 e4 15.
O-O-O Ne5 16. Nd4 Qg6 17. Bxf6 Bxf6 18. Kb1 Bg5 19. Qc2 e3 20. Bd3 Nxd3 21.
Rxd3 Rf2 22. Nce2 Qe4 23. Rg1 Bf6 24. Nf5 Kh8 25. Rxe3 Qxc2+ 26. Kxc2 Bxf5+ 27.
gxf5 Bd4 28. Re7 Rxe2+ 29. Rxe2 Bxg1 30. Re7 Bb6 31. b4 Rd8 32. Kb3 Rg8 33. c5
dxc5 34. bxc5 Bxc5 35. Rxc7 Rg3+ 36. Kc4 Bb6 37. Re7 Rf3 38. Rxb7 Rxf5 39. a4
Rf4+ 40. Kb5 Rd4 41. Rd7 Rd1 42. a5 Bf2 43. Kc6 Rc1+ 44. Kb7 Rc5 45. Rf7 Bg1
46. d6 Kg8 47. d7 Rd5 48. Re7 Rb5+ 49. Kc6 Rc5+ 50. Kd6 Bh2+ 51. Kxc5 Bc7 52.
Kb5 h5 53. Re8+ Kf7 54. d8=Q Bxd8 55. Rxd8 Kf6 56. Rg8 Kf7 57. Ka6 Kxg8 58.
Kxa7 Kg7 59. Kb7 Kg6 60. a6 Kg5 61. a7 Kh4 62. a8=Q Kxh3 63. Qg8 h4 64. Kc6 Kh2
65. Kd5 h3 66. Ke4 Kh1 67. Kf3 h2 68. Qg2# 1-0

[Event "4NCL Online Division 4"]
[Site "online"]
[Date "2020.11.17"]
[Round "7.73"]
[White "Rizvi, Aysha"]
[Black "Ball, Katie C"]
[Result "0-1"]
[WhiteElo "1367"]
[BlackElo "1532"]
[PlyCount "42"]
[EventDate "2020.11.17"]
[WhiteTeam "4 Gems"]
[BlackTeam "Doughnuts of Doom"]

1. c4 f5 2. g3 e5 3. Bg2 d6 4. d3 Nf6 5. Nf3 Be7 6. O-O O-O 7. Nc3 c6 8. e3 Qe8
9. Rb1 Qh5 10. b4 Ng4 11. h3 Nh6 12. a4 g5 13. a5 g4 14. hxg4 Nxg4 15. e4 f4
16. gxf4 exf4 17. d4 Kh8 18. d5 Rg8 19. Qd4+ Nf6 20. Nh2 Bh3 21. Rd1 Qg5 0-1

[Event "4NCL Online Division 4"]
[Site "online"]
[Date "2020.11.17"]
[Round "7.74"]
[White "Ball, Charlie"]
[Black "Gogia, Abeer"]
[Result "1-0"]
[WhiteElo "1600"]
[BlackElo "1324"]
[PlyCount "129"]
[EventDate "2020.11.17"]
[WhiteTeam "Doughnuts of Doom"]
[BlackTeam "4 Gems"]

1. e4 c5 2. d4 cxd4 3. c3 d5 4. exd5 Qxd5 5. cxd4 Nc6 6. Nf3 Nf6 7. Nc3 Qd8 8.
Bc4 e6 9. O-O Be7 10. Bf4 Bd7 11. Rc1 O-O 12. h3 Rc8 13. Re1 a6 14. Bb3 b5 15.
d5 exd5 16. Bxd5 Nxd5 17. Nxd5 Re8 18. Bc7 Rxc7 19. Nxc7 Qxc7 20. Ne5 Bd6 21.
Nxc6 Rxe1+ 22. Qxe1 Bxc6 23. Qc3 Bxg2 24. Kxg2 Qxc3 25. Rxc3 h6 26. Rc6 Be5 27.
Rxa6 Bxb2 28. Rb6 Bd4 29. Rxb5 Kf8 30. a4 Ke8 31. a5 Kd8 32. a6 Kc8 33. Rb7 f5
34. Rf7 Kb8 35. Rd7 Bf6 36. Kf3 Ka8 37. Kf4 Kb8 38. Kxf5 Ka8 39. Kg6 Kb8 40.
Rxg7 Bd4 41. Kxh6 Bxf2 42. a7+ Ka8 43. Kh5 Be1 44. Kg4 Bf2 45. h4 Bd4 46. Rd7
Bf6 47. h5 Ba1 48. h6 Bf6 49. h7 Be5 50. h8=Q+ Bxh8 51. Rd8+ Kxa7 52. Rxh8 Kb7
53. Rd8 Kc7 54. Rd4 Kc6 55. Kf4 Kc5 56. Ke5 Kc6 57. Rd5 Kc7 58. Rd6 Kb7 59. Kd5
Kc7 60. Kc5 Kb7 61. Rc6 Ka7 62. Rb6 Ka8 63. Kc6 Ka7 64. Kc7 Ka8 65. Ra6# 1-0

[Event "4NCL Online Division 4"]
[Site "online"]
[Date "2020.11.17"]
[Round "7.81"]
[White "Dunlop, Anthony"]
[Black "Fairclough, William"]
[Result "1/2-1/2"]
[WhiteElo "1784"]
[BlackElo "1465"]
[PlyCount "86"]
[EventDate "2020.11.17"]
[WhiteTeam "East Kilbride Strollers"]
[BlackTeam "Manchester Juniors B"]

1. f4 Nc6 2. Nf3 d5 3. e3 Nf6 4. d4 e6 5. c3 Ne4 6. Bd3 Nf6 7. Qc2 a6 8. Nbd2
b5 9. O-O Ng4 10. Re1 Be7 11. Bxh7 Bh4 12. g3 Bf6 13. Nf1 b4 14. cxb4 Nxb4 15.
Qa4+ Bd7 16. Qxb4 Rxh7 17. Ne5 Nxe5 18. dxe5 Be7 19. Qc3 Bb5 20. a4 Bxf1 21.
Rxf1 f6 22. Qc6+ Kf7 23. Bd2 Qh8 24. Rf2 f5 25. Bc3 Rh6 26. Bd4 Rg6 27. Rc1 Bh4
28. Qxc7+ Ke8 29. Qc8+ Rxc8 30. Rxc8+ Bd8 31. Bb6 Qh4 32. Rxd8+ Kf7 33. Rc2
Rxg3+ 34. hxg3 Qxg3+ 35. Rg2 Qe1+ 36. Kh2 Qh4+ 37. Kg1 Qe1+ 38. Kh2 Qh4+ 39.
Kg1 Qe1+ 40. Kh2 Qh4+ 41. Kg1 Qe1+ 42. Kh2 Qh4+ 43. Kg1 Qe1+ 1/2-1/2

[Event "4NCL Online Division 4"]
[Site "online"]
[Date "2020.11.17"]
[Round "7.82"]
[White "Correa, Rebecca"]
[Black "Robertson, Jim"]
[Result "0-1"]
[WhiteElo "1435"]
[BlackElo "1604"]
[PlyCount "52"]
[EventDate "2020.11.17"]
[WhiteTeam "Manchester Juniors B"]
[BlackTeam "East Kilbride Strollers"]

1. d4 d5 2. Nf3 e6 3. Bf4 Bd6 4. Bxd6 Qxd6 5. e3 f5 6. c3 Nf6 7. Be2 Nbd7 8.
Nbd2 Ne4 9. O-O O-O 10. Nxe4 fxe4 11. Nd2 e5 12. Rc1 Qh6 13. Bg4 exd4 14. cxd4
c6 15. Nb3 Rf6 16. Kh1 Rg6 17. Bf5 Rg5 18. Bh3 Qg6 19. Rg1 Rh5 20. Qe2 Nf6 21.
Bxc8 Rxc8 22. h3 Qf5 23. Kh2 Ng4+ 24. Kh1 Nxf2+ 25. Kh2 Rxh3+ 26. gxh3 Qxh3#
0-1

[Event "4NCL Online Division 4"]
[Site "online"]
[Date "2020.11.17"]
[Round "7.83"]
[White "Peakman, Jonlee"]
[Black "Eccleston, Bryony"]
[Result "1-0"]
[WhiteElo "1261"]
[BlackElo "1405"]
[PlyCount "77"]
[EventDate "2020.11.17"]
[WhiteTeam "East Kilbride Strollers"]
[BlackTeam "Manchester Juniors B"]

1. d4 Nf6 2. c4 e5 3. dxe5 Ng4 4. Bf4 Bb4+ 5. Nd2 Nc6 6. Ngf3 Qe7 7. e3 Ngxe5
8. Be2 O-O 9. O-O d6 10. a3 Bc5 11. b4 Bb6 12. Nb3 Bg4 13. Nxe5 Bxe2 14. Nxc6
bxc6 15. Qxe2 a5 16. bxa5 Bxa5 17. Nxa5 Rxa5 18. Rfb1 h6 19. Rb7 Rfa8 20. Qb2
R5a7 21. Rxa7 Rxa7 22. Qb8+ Kh7 23. Qxa7 Qf6 24. Qd4 Qg6 25. a4 c5 26. Qd1 Qf6
27. a5 Qd8 28. a6 Qa8 29. a7 f6 30. Qb3 g5 31. Bg3 h5 32. h3 h4 33. Bh2 Kg6 34.
Qb8 Qe4 35. a8=Q Qf5 36. Qg8+ Kh6 37. Qaf8+ Kh5 38. Qff7+ Kh6 39. Qgg7# 1-0

[Event "4NCL Online Division 4"]
[Site "online"]
[Date "2020.11.17"]
[Round "7.84"]
[White "Correa, Edward"]
[Black "Tandon, Ashley"]
[Result "1-0"]
[WhiteElo "1262"]
[BlackElo "911"]
[PlyCount "137"]
[EventDate "2020.11.17"]
[WhiteTeam "Manchester Juniors B"]
[BlackTeam "East Kilbride Strollers"]

1. d4 Nf6 2. Bf4 c5 3. c3 Qb6 4. Qd2 cxd4 5. cxd4 Ne4 6. Qc2 Nc6 7. Be3 Qb4+ 8.
Nd2 Nxd2 9. Qxd2 e6 10. Nf3 d5 11. a3 Qxd2+ 12. Bxd2 Bd6 13. e3 O-O 14. Bd3 f6
15. O-O e5 16. Bc2 e4 17. Ne1 Bg4 18. f3 exf3 19. Nxf3 f5 20. Bb3 Bxf3 21. Rxf3
Ne7 22. Rc1 Rac8 23. Rff1 g6 24. Rfd1 a6 25. Be1 h6 26. Rc2 f4 27. Rxc8 Rxc8
28. e4 Kg7 29. exd5 Bb8 30. Bb4 Re8 31. Re1 Kf6 32. d6 Bxd6 33. Bxd6 g5 34. d5
b5 35. Be5+ Kf5 36. Bc2+ Kg4 37. Bf6 Nxd5 38. Rxe8 Nxf6 39. Rd8 a5 40. Kf2 b4
41. axb4 axb4 42. Rf8 Nd5 43. Bd1+ Kh4 44. Rh8 g4 45. Rxh6+ Kg5 46. Rc6 Ne3 47.
Bb3 g3+ 48. hxg3 Ng4+ 49. Kf3 Ne5+ 50. Ke4 Nxc6 51. gxf4+ Kf6 52. g4 Na5 53.
Bd5 Kg6 54. f5+ Kf6 55. g5+ Ke7 56. f6+ Kf8 57. g6 Nc6 58. Bxc6 b3 59. Bd5 Ke8
60. g7 Kd7 61. g8=Q Kd6 62. Qe6+ Kc5 63. Bxb3 Kb5 64. Qc4+ Ka5 65. Qc5+ Ka6 66.
Qb4 Ka7 67. Kd5 Ka6 68. Kc6 Ka7 69. Qb7# 1-0

[Event "4NCL Online Division 4"]
[Site "online"]
[Date "2020.11.17"]
[Round "7.91"]
[White "Parry, Samuel"]
[Black "Borman, Philip"]
[Result "0-1"]
[WhiteElo "1982"]
[BlackElo "2190"]
[PlyCount "142"]
[EventDate "2020.11.17"]
[WhiteTeam "Manchester Juniors A"]
[BlackTeam "Hertford 1"]

1. d4 Nf6 2. Bg5 d6 3. Nc3 Nbd7 4. e4 e5 5. Nf3 Be7 6. Bc4 O-O 7. O-O c6 8. a4
b6 9. Qd2 a6 10. Rfe1 Bb7 11. d5 cxd5 12. exd5 Rc8 13. b3 Nc5 14. Rad1 Re8 15.
Be3 Nfd7 16. g4 Nf6 17. h3 Qd7 18. Nh2 h5 19. f3 Bd8 20. g5 Nh7 21. h4 Nf8 22.
Qe2 Ng6 23. Qf2 Nxa4 24. Nxa4 b5 25. Nb2 bxc4 26. Nxc4 Ne7 27. Nf1 Nxd5 28. Ng3
Nxe3 29. Qxe3 Qh3 30. Ne4 Bxe4 31. Qxe4 Rxc4 32. bxc4 Bb6+ 33. Re3 Rb8 34. Rde1
Bc5 35. Qd3 a5 36. g6 f6 37. Qd5+ Kh8 38. Qe4 a4 39. f4 Bxe3+ 40. Qxe3 Qg4+ 41.
Kf1 Qxg6 42. Qa7 Rb2 43. Qxa4 Rxc2 44. Qa8+ Kh7 45. Qe4 Qxe4 46. Rxe4 f5 47.
Re1 Rxc4 48. fxe5 dxe5 49. Rxe5 g6 50. Kg2 Rxh4 51. Kg3 Ra4 52. Rb5 Kh6 53. Kf3
Kg5 54. Rb3 Rg4 55. Kf2 h4 56. Ra3 Rg3 57. Ra2 Rb3 58. Kg2 h3+ 59. Kh2 Kg4 60.
Rc2 f4 61. Ra2 Kh4 62. Rc2 g5 63. Rf2 Ra3 64. Rf1 Ra2+ 65. Kh1 Rb2 66. Kg1 Kg3
67. Kh1 g4 68. Kg1 f3 69. Rd1 h2+ 70. Kh1 Kh3 71. Re1 g3 0-1

[Event "4NCL Online Division 4"]
[Site "online"]
[Date "2020.11.17"]
[Round "7.92"]
[White "Cheal, Barry A"]
[Black "Gardiner, Ethan"]
[Result "1/2-1/2"]
[WhiteElo "2193"]
[BlackElo "1780"]
[PlyCount "52"]
[EventDate "2020.11.17"]
[WhiteTeam "Hertford 1"]
[BlackTeam "Manchester Juniors A"]

1. d4 Nf6 2. c4 e6 3. Nc3 Bb4 4. Qc2 O-O 5. a3 Bxc3+ 6. Qxc3 d5 7. Bg5 Nbd7 8.
cxd5 exd5 9. Nf3 c6 10. e3 Qc7 11. Bf4 Qd8 12. Bd3 Re8 13. O-O Nf8 14. Bg5 Ng6
15. Qc2 Qd6 16. Bxf6 Qxf6 17. Bxg6 hxg6 18. Rac1 Bf5 19. Qc3 Be4 20. Nd2 Qg5
21. Nxe4 Rxe4 22. f4 Qe7 23. Rf3 Re8 24. Re1 f5 25. b4 Kf7 26. g3 Qd6 1/2-1/2

[Event "4NCL Online Division 4"]
[Site "online"]
[Date "2020.11.17"]
[Round "7.93"]
[White "Jayawarna, Tarini"]
[Black "Capes, Ian"]
[Result "0-1"]
[WhiteElo "1712"]
[BlackElo "1922"]
[PlyCount "54"]
[EventDate "2020.11.17"]
[WhiteTeam "Manchester Juniors A"]
[BlackTeam "Hertford 1"]

1. e4 d5 2. exd5 Qxd5 3. Nc3 Qd6 4. d4 Nf6 5. Bc4 Nc6 6. Nge2 e6 7. Bf4 Qd8 8.
Qd2 Nd5 9. Nxd5 exd5 10. Bb5 Bd6 11. O-O-O Be6 12. Rhe1 O-O 13. Ng3 a6 14. Bf1
b5 15. Kb1 Qd7 16. h3 Rfe8 17. Nh5 Bf5 18. Bh6 Bf8 19. Qg5 Bg6 20. Be2 Nb4 21.
Kc1 Nxc2 22. Bd3 Nxe1 23. Bxg6 hxg6 24. Bxg7 Qc6+ 25. Kb1 Qc2+ 26. Ka1 Qxd1+
27. Qc1 Qxc1# 0-1

[Event "4NCL Online Division 4"]
[Site "online"]
[Date "2020.11.17"]
[Round "7.94"]
[White "Morris, Simon P"]
[Black "Jayawarna, Thisumi"]
[Result "1-0"]
[WhiteElo "1915"]
[BlackElo "1705"]
[PlyCount "137"]
[EventDate "2020.11.17"]
[WhiteTeam "Hertford 1"]
[BlackTeam "Manchester Juniors A"]

1. e4 d5 2. exd5 Qxd5 3. Nc3 Qa5 4. b4 Qxb4 5. Nb5 Qc5 6. d4 Qc6 7. d5 Qd7 8.
Bf4 Na6 9. Nf3 Qd8 10. Bc4 Bg4 11. h3 Bh5 12. Nbd4 Nc5 13. Bb5+ Nd7 14. g4 Bg6
15. Ne5 Ngf6 16. g5 a6 17. Ba4 b5 18. Nxb5 axb5 19. Bxb5 Qb8 20. Rb1 Qa7 21.
gxf6 Bf5 22. Nxd7 Bxd7 23. Bxd7+ Kxd7 24. Qg4+ e6 25. dxe6+ fxe6 26. Rd1+ Bd6
27. Bxd6 cxd6 28. fxg7 Qa5+ 29. Kf1 Qb5+ 30. Qe2 Qxe2+ 31. Kxe2 Rhg8 32. Rhg1
Rxa2 33. Kd2 Ra3 34. Rb1 Kc7 35. Rb3 Rxb3 36. cxb3 Kd7 37. Kd3 Ke7 38. Kd4 Kf7
39. b4 Ke7 40. f4 Kd7 41. b5 Kc7 42. Kc4 Kb6 43. Kb4 Kc7 44. h4 Kb6 45. h5 h6
46. Rg6 Kc7 47. Kc4 Kd7 48. Kb4 Kc7 49. Rxh6 Rxg7 50. Rxe6 Rh7 51. h6 Kd7 52.
Rg6 Rh8 53. Rg7+ Ke8 54. b6 Rxh6 55. b7 Kf8 56. Rc7 Re6 57. b8=Q+ Re8 58. Rc8
Rxc8 59. Qxc8+ Ke7 60. f5 d5 61. Qe6+ Kf8 62. Qxd5 Ke7 63. Kc5 Kf6 64. Qe6+ Kg5
65. f6 Kf4 66. f7 Kg3 67. f8=Q Kh4 68. Qg6 Kh3 69. Qfh6# 1-0

[Event "4NCL Online Division 4"]
[Site "online"]
[Date "2020.11.17"]
[Round "7.101"]
[White "Raghavan, Rajeev P"]
[Black "Rossiter, Alex"]
[Result "1-0"]
[WhiteElo "1870"]
[BlackElo "1967"]
[PlyCount "53"]
[EventDate "2020.11.17"]
[WhiteTeam "Shropshire 3"]
[BlackTeam "Bristol Cabot Blackbeards"]

1. c4 f5 2. Nc3 Nf6 3. g3 g6 4. Bg2 Bg7 5. e3 O-O 6. Nge2 d6 7. d4 e5 8. O-O e4
9. b4 d5 10. cxd5 Nxd5 11. a3 c6 12. Rb1 Be6 13. b5 Nd7 14. bxc6 bxc6 15. Na4
Qc7 16. Qc2 Rfc8 17. Nc5 Nxc5 18. dxc5 Rab8 19. Bd2 Rxb1 20. Rxb1 Rb8 21. Nd4
Bf7 22. Bf1 Rxb1 23. Qxb1 h5 24. Ba6 f4 25. Qxe4 fxe3 26. fxe3 Kh7 27. Bd3 1-0

[Event "4NCL Online Division 4"]
[Site "online"]
[Date "2020.11.17"]
[Round "7.102"]
[White "Marston, Alastair"]
[Black "Smith, Mark"]
[Result "1-0"]
[WhiteElo "1742"]
[BlackElo "1802"]
[PlyCount "41"]
[EventDate "2020.11.17"]
[WhiteTeam "Bristol Cabot Blackbeards"]
[BlackTeam "Shropshire 3"]

1. Nf3 Nf6 2. d4 g6 3. c4 Bg7 4. Nc3 d5 5. h4 O-O 6. cxd5 Nxd5 7. h5 Bg4 8.
hxg6 hxg6 9. Qb3 Nxc3 10. bxc3 Qc8 11. Bh6 Bxh6 12. Rxh6 Kg7 13. Rh4 Be6 14. d5
Bg4 15. Ne5 Bd7 16. c4 f6 17. Nxg6 Kxg6 18. Qg3+ Kf7 19. Rh7+ Ke8 20. Qg7 Qd8
21. Qg6+ 1-0

[Event "4NCL Online Division 4"]
[Site "online"]
[Date "2020.11.17"]
[Round "7.103"]
[White "Maydew, Simon"]
[Black "Burnett, Philip"]
[Result "1-0"]
[WhiteElo "1765"]
[BlackElo "1397"]
[PlyCount "57"]
[EventDate "2020.11.17"]
[WhiteTeam "Shropshire 3"]
[BlackTeam "Bristol Cabot Blackbeards"]

1. d4 d5 2. Nf3 Nf6 3. e3 Bg4 4. h3 Bf5 5. c4 e6 6. Qb3 b6 7. Bd3 Bxd3 8. Qxd3
Bb4+ 9. Bd2 Bxd2+ 10. Nbxd2 Nbd7 11. O-O O-O 12. b4 c5 13. bxc5 bxc5 14. Rfc1
Rc8 15. cxd5 exd5 16. dxc5 Rxc5 17. Nb3 Rxc1+ 18. Rxc1 Qb8 19. Nbd4 Rc8 20. Nc6
Rxc6 21. Rxc6 Qb7 22. Qc2 g6 23. Rc7 Qb6 24. Rc8+ Kg7 25. Qb3 Qa6 26. Rc7 Kf8
27. Qb4+ Kg7 28. Qd4 Qxa2 29. Rxd7 1-0

[Event "4NCL Online Division 4"]
[Site "online"]
[Date "2020.11.17"]
[Round "7.104"]
[White "Saha, Soumil"]
[Black "Podlesak, Mark"]
[Result "0-1"]
[WhiteElo "1060"]
[BlackElo "1735"]
[PlyCount "56"]
[EventDate "2020.11.17"]
[WhiteTeam "Bristol Cabot Blackbeards"]
[BlackTeam "Shropshire 3"]

1. e4 d5 2. exd5 Qxd5 3. Nc3 Qd6 4. d3 Nf6 5. Nf3 a6 6. Be2 b5 7. a3 Bb7 8. Be3
e6 9. Qd2 Nbd7 10. Bf4 Qb6 11. Be3 c5 12. b4 Rc8 13. bxc5 Bxc5 14. Bxc5 Qxc5
15. O-O Qxc3 16. Qxc3 Rxc3 17. Rac1 Ke7 18. d4 Rhc8 19. Bd3 Rxa3 20. Ne5 Nxe5
21. dxe5 Nd7 22. f4 Nc5 23. Be2 Rc3 24. Rfd1 Bd5 25. f5 Nb3 26. Rb1 Rxc2 27.
Bf3 Bxf3 28. gxf3 Rc1 0-1

[Event "4NCL Online Division 4"]
[Site "online"]
[Date "2020.11.17"]
[Round "7.111"]
[White "Dasgupta, Avyukt"]
[Black "Cook, John"]
[Result "1-0"]
[WhiteElo "1757"]
[BlackElo "1815"]
[PlyCount "109"]
[EventDate "2020.11.17"]
[WhiteTeam "Watford Juniors A"]
[BlackTeam "Kent KJCA Kestrels D"]

1. d4 Nf6 2. Bf4 c5 3. e3 e6 4. c3 Nc6 5. Nd2 d5 6. Bd3 Bd6 7. Bg3 O-O 8. f4 c4
9. Bc2 b5 10. Ngf3 b4 11. Rc1 bxc3 12. bxc3 Qa5 13. Bb1 Rb8 14. Qc2 Ba3 15. Rd1
Rb2 16. Qc1 Rxa2 17. Bxh7+ Nxh7 18. Qb1 Rb2 19. Qc1 Bd7 20. O-O Rfb8 21. f5 Ra2
22. Bxb8 Nxb8 23. Qb1 Rb2 24. Qa1 Qxc3 25. Rfe1 Nc6 26. Nb1 Qc2 27. Rd2 Qb3 28.
Nxa3 Rxd2 29. Nxd2 Qb4 30. Nab1 exf5 31. Nc3 Nf6 32. Rb1 Qe7 33. Nd1 f4 34.
exf4 Bf5 35. Rc1 Bd3 36. Nf3 Ng4 37. Qb2 Be2 38. Qd2 Bxf3 39. gxf3 Nh6 40. Ne3
Qd6 41. Ng2 Nf5 42. Qf2 Qf6 43. Re1 Qxd4 44. Qxd4 Ncxd4 45. Kf2 a5 46. Ne3 a4
47. Nxd5 a3 48. Nc3 Nh4 49. Ra1 Nc2 50. Ra2 Nd4 51. Rxa3 Nhxf3 52. Ne4 Nxh2 53.
Ng5 Ng4+ 54. Kg3 f5 55. Ra8# 1-0

[Event "4NCL Online Division 4"]
[Site "online"]
[Date "2020.11.17"]
[Round "7.112"]
[White "Parsons, Roy W"]
[Black "Lancaster, Roger"]
[Result "1/2-1/2"]
[WhiteElo "1750"]
[BlackElo "1741"]
[PlyCount "80"]
[EventDate "2020.11.17"]
[WhiteTeam "Kent KJCA Kestrels D"]
[BlackTeam "Watford Juniors A"]

1. e4 e6 2. d4 d5 3. Nc3 Bb4 4. e5 c5 5. a3 Bxc3+ 6. bxc3 Qa5 7. Bd2 Qa4 8. Nf3
Ne7 9. c4 Nbc6 10. c3 Qxd1+ 11. Rxd1 b6 12. Bd3 O-O 13. Be3 dxc4 14. Bxc4 Nf5
15. O-O cxd4 16. cxd4 Na5 17. Bd3 Nxe3 18. fxe3 Bb7 19. Ng5 h6 20. Ne4 Bxe4 21.
Bxe4 Rac8 22. Rc1 Nc4 23. Bb7 Rb8 24. Rxc4 Rxb7 25. Rfc1 b5 26. Rc7 Rfb8 27.
Rxb7 Rxb7 28. Rc8+ Kh7 29. Ra8 Kg6 30. Kf2 f6 31. exf6 gxf6 32. Kf3 Rd7 33. Kf4
Rb7 34. g4 h5 35. h3 hxg4 36. hxg4 Rd7 37. Rg8+ Kf7 38. Ra8 Kg6 39. Rg8+ Kf7
40. Ra8 Kg6 1/2-1/2